Normal view
MARC view
Entry Topical Term
001 - CONTROL NUMBER
- control field: 12574
003 - CONTROL NUMBER IDENTIFIER
- control field: OSt
005 - DATE AND TIME OF LATEST TRANSACTION
- control field: 20180323173024.0
008 - FIXED-LENGTH DATA ELEMENTS
- fixed length control field: 180323|| aca||aabn | a|a d
040 ## - CATALOGING SOURCE
- Original cataloging agency: OSt
- Transcribing agency: OSt
150 ## - HEADING--TOPICAL TERM
- Topical term or geographic name entry element: Pharmacy
670 ## - SOURCE DATA FOUND
- Source citation: Work cat.: (OSt): Hadkar, U.B. 12573, Practical Physical Pharmacy and Pharmaceutics
